Loading...
| Current Events | 2 | 15.00 | 100% | 50% | 0% |
| Fine Arts - Classical Music | 3 | 20.00 | 100% | 67% | 33% |
| Fine Arts - Other Fine Arts | 6 | 23.33 | 100% | 83% | 50% |
| Fine Arts - Painting and Sculpture | 5 | 26.00 | 100% | 100% | 60% |
| History - American History | 4 | 12.50 | 100% | 25% | 0% |
| History - European History | 4 | 12.50 | 100% | 25% | 0% |
| History - Other History | 4 | 15.00 | 75% | 75% | 0% |
| History - World History | 6 | 11.67 | 100% | 17% | 0% |
| Literature - American Literature | 7 | 15.71 | 100% | 43% | 14% |
| Literature - British Literature | 7 | 18.57 | 100% | 71% | 14% |
| Literature - European Literature | 7 | 14.29 | 100% | 29% | 14% |
| Literature - World Literature | 4 | 15.00 | 100% | 50% | 0% |
| Mythology | 5 | 12.00 | 100% | 0% | 20% |
| Philosophy | 6 | 11.67 | 100% | 17% | 0% |
| Pop Culture | 3 | 20.00 | 100% | 67% | 33% |
| Religion | 5 | 12.00 | 60% | 60% | 0% |
| Science - Biology | 4 | 10.00 | 100% | 0% | 0% |
| Science - Chemistry | 6 | 18.33 | 83% | 83% | 17% |
| Science - Other Science | 5 | 16.00 | 80% | 60% | 20% |
| Science - Physics | 5 | 22.00 | 100% | 80% | 40% |
| Social Science | 5 | 10.00 | 80% | 20% | 0% |